| 000 | 00491pab a2200169 454500 | ||
|---|---|---|---|
| 008 | 180718b2017 xxu||||| |||| 00| 0 eng d | ||
| 100 | _aHaque, M.E. | ||
| 245 | _aConstitutional provisions related to water: integrated planning and management of a river basin - a review | ||
| 260 | _c2017 | ||
| 300 | _ap.194-210. | ||
| 362 | _aJan | ||
| 650 | _aWater resources management | ||
| 700 | _aTyagi, Avinash | ||
| 700 | _aVarma, H.K. | ||
| 773 | _aJournal of Governance | ||
| 909 | _a113834 | ||
| 999 |
_c113828 _d113828 |
||